LDR 00706naa#a2200169#i#450# 001 EN\\bibl\109594 005 20260513195527.3 011 ## _a2071-7318 100 ## _a20260508b2026####ek#y0engy0150####ca 102 ## _aRU 200 1# _aSTUDY OF THE FOULING OF MODIFIED CEMENT COMPOSITES BY BIODEGRADING MICROORGANISMS UNDER EXPOSURE TO SOIL CONDITIONS _eJournal article 210 1# _aBelgorod _cBelgorod State Technological University named after V.G. Shukhov _d2026 215 ## _a10 с. 608 ## _aJournal article _2local 675 ## _aКоррозия, вызываемая грибками. 620.193.82 _aКоррозия, вызываемая бактериями. 620.193.81 _z 700 #1 _aLedyaykin _gN. V. 856 4# _anaukaru.ru _u